[Event "Memorial Nicola Palladino A"]
[Site "Milano ITA"]
[Date "2012.04.05"]
[Round "1"]
[White "Bozzali, Ermanno"]
[Black "Montoli, Marco"]
[Result "1-0"]
[WhiteElo "2123"]
[BlackElo "1921"]
[PlyCount "81"]
[EventDate "2012.04.05"]

1. e4 c5 2. Nf3 e6 3. d4 cxd4 4. Nxd4 Nc6 5. Nc3 Qc7 6. g3 a6 7. Bg2 Nf6 8. O-O
Nxd4 9. Qxd4 Bc5 10. Bf4 d6 11. Qd2 O-O 12. Rad1 e5 13. Bg5 Be6 14. Bxf6 gxf6
15. Qh6 Bd4 16. Rd3 Bxc3 17. Rxc3 Qe7 18. g4 Rfc8 19. Rh3 Qd8 20. f4 Rxc2 21.
f5 Bc4 22. Qxh7+ Kf8 23. Qh6+ Ke7 24. Rc1 Qb6+ 25. Kh1 Qxb2 26. Rg1 Rg8 27. Rg3
Bxa2 28. g5 Rxg5 29. Rxg5 fxg5 30. Qxg5+ Kd7 31. h4 Qb6 32. h5 Qd8 33. f6 Rc8
34. Bh3+ Be6 35. Bxe6+ fxe6 36. Qg7+ Kc6 37. h6 b5 38. h7 Kb6 39. Qh6 Qh8 40.
f7 Rc3 41. f8=Q 1-0

[Event "Memorial Nicola Palladino A"]
[Site "Milano ITA"]
[Date "2012.04.05"]
[Round "1"]
[White "Cani, Gazmir"]
[Black "Vallone, Ugo"]
[Result "1/2-1/2"]
[WhiteElo "2155"]
[BlackElo "1934"]
[PlyCount "106"]
[EventDate "2012.04.05"]

1. d4 Nf6 2. c4 d6 3. Nf3 g6 4. g3 Bg7 5. Bg2 c6 6. O-O O-O 7. Nc3 Nbd7 8. e4
Qc7 9. h3 e5 10. Re1 b6 11. Be3 Ba6 12. Qa4 Bb7 13. Rac1 exd4 14. Nxd4 Nc5 15.
Qc2 a5 16. b3 Rfe8 17. f4 Nh5 18. Kh2 Re7 19. a3 Rae8 20. Bf3 Nf6 21. Bf2 Nfd7
22. Re2 Nb8 23. Rd1 Ba6 24. Red2 Bc8 25. Ndb5 cxb5 26. Nxb5 Qd7 27. Bg4 Qc6 28.
Nxd6 Bxg4 29. hxg4 Nxe4 30. Nxe8 Nxd2 31. Nxg7 Nf3+ 32. Kh3 Kxg7 33. Rd5 Qe6
34. Qc3+ f6 35. Qxf3 Nd7 36. Kg2 Qc6 37. Bd4 a4 38. g5 Kf7 39. f5 axb3 40.
fxg6+ hxg6 41. gxf6 Nxf6 42. g4 Qe6 43. Bxf6 Qxf6 44. Rb5 Qxf3+ 45. Kxf3 Rc7
46. Rxb6 Rxc4 47. Rxb3 Kf6 48. Rb6+ Kg5 49. Rb5+ Kh4 50. Rb3 g5 51. Kf2 Rc2+
52. Kf3 Rh2 53. Re3 Ra2 1/2-1/2

[Event "Memorial Nicola Palladino A"]
[Site "Milano ITA"]
[Date "2012.04.05"]
[Round "1"]
[White "Di Chiara, Mauro"]
[Black "Martinez, Rolly"]
[Result "0-1"]
[WhiteElo "1977"]
[BlackElo "2419"]
[PlyCount "64"]
[EventDate "2012.04.05"]

1. d4 Nf6 2. Nf3 e6 3. c4 b6 4. a3 Bb7 5. Nc3 d5 6. cxd5 exd5 7. Bg5 h6 8. Bxf6
Qxf6 9. e3 a6 10. Bd3 Bd6 11. O-O O-O 12. Rc1 c5 13. dxc5 bxc5 14. Bb1 Rd8 15.
Qc2 g6 16. Ba2 c4 17. Ne2 Nd7 18. Ned4 Rac8 19. Bb1 Nc5 20. g3 Rc7 21. Qd1 Bc8
22. Nh4 Bh3 23. Re1 Rb7 24. b4 cxb3 25. Nc6 Rdd7 26. Qd4 Qxd4 27. exd4 Ne6 28.
Ne5 Rdc7 29. Nhf3 Bxa3 30. Rc6 a5 31. Re3 Rxc6 32. Nxc6 a4 0-1

[Event "Memorial Nicola Palladino A"]
[Site "Milano ITA"]
[Date "2012.04.05"]
[Round "1"]
[White "Gallucci, Alessio"]
[Black "Virzi, Ettore"]
[Result "1-0"]
[WhiteElo "2238"]
[BlackElo "1944"]
[PlyCount "35"]
[EventDate "2012.04.05"]

1. e4 e5 2. d4 exd4 3. Qxd4 Nc6 4. Qd3 Nf6 5. Nc3 Bb4 6. Bd2 O-O 7. O-O-O Re8
8. Qg3 Rxe4 9. a3 Rg4 10. Qe3 Ba5 11. h3 Bb6 12. Qe1 Rd4 13. Nf3 Rd6 14. Bc4
Nd4 15. Ne5 Ne6 16. f4 Rxd2 17. Qxd2 Bd4 18. Bxe6 1-0

[Event "Memorial Nicola Palladino A"]
[Site "Milano ITA"]
[Date "2012.04.05"]
[Round "1"]
[White "Gonella, Daniele"]
[Black "Petrone, Gianmario"]
[Result "0-1"]
[WhiteElo "2112"]
[BlackElo "1899"]
[PlyCount "66"]
[EventDate "2012.04.05"]

1. e4 c5 2. Nc3 d6 3. g3 Nc6 4. Bg2 g6 5. f4 Bg7 6. d3 e6 7. Nf3 Nge7 8. O-O
O-O 9. Be3 Nd4 10. e5 Nxf3+ 11. Qxf3 Nf5 12. Bf2 Nd4 13. Qd1 dxe5 14. fxe5 Bxe5
15. Ne4 Qc7 16. c3 Nf5 17. Nxc5 Bd7 18. d4 Bg7 19. Nxd7 Qxd7 20. Qb3 Rab8 21.
Rad1 b6 22. d5 exd5 23. Rxd5 Qc7 24. g4 Ne7 25. Bg3 Qc8 26. Rb5 a6 27. Rb4 Qc5+
28. Kh1 Rbd8 29. Rxb6 Nd5 30. Bxd5 Rxd5 31. Bf2 Qa5 32. Rxa6 Qxa6 33. Qxd5
Qxf1+ 0-1

[Event "Memorial Nicola Palladino A"]
[Site "Milano ITA"]
[Date "2012.04.05"]
[Round "1"]
[White "Guzzetti, Luigi Enrico"]
[Black "Gagliardi, Christian"]
[Result "1/2-1/2"]
[WhiteElo "1943"]
[BlackElo "2233"]
[PlyCount "158"]
[EventDate "2012.04.05"]

1. e4 c5 2. Nf3 e6 3. d4 cxd4 4. Nxd4 Nc6 5. Be3 Nf6 6. Nc3 Qc7 7. Be2 a6 8.
O-O Bb4 9. f3 O-O 10. Nb3 Be7 11. f4 d6 12. Bf3 Rb8 13. a4 b6 14. Qe2 Re8 15.
Qf2 Bf8 16. e5 Nd7 17. exd6 Bxd6 18. Bxc6 Qxc6 19. Nd4 Qc7 20. Rad1 Bb4 21. Ne4
Bb7 22. Ng5 Nf6 23. h3 h6 24. Ngf3 Nd5 25. c3 Bd6 26. Ne5 Nxe3 27. Qxe3 Rbc8
28. Qg3 f6 29. Ng6 Qf7 30. Ne5 Qc7 31. Ng4 Kh8 32. Kh1 Bf8 33. Qh4 Qf7 34. f5
exf5 35. Rxf5 Rc5 36. Rdf1 Rxf5 37. Rxf5 Be4 38. Rf1 Qg6 39. Qf2 h5 40. Ne3 Bc5
41. b4 Bxd4 42. cxd4 Bc6 43. d5 Bxa4 44. d6 Bc6 45. Nf5 Bb5 46. Rd1 Re5 47. Ne7
Qe4 48. Qxb6 Rxe7 49. dxe7 Qxe7 50. Qd8+ Qxd8 51. Rxd8+ Kh7 52. Kg1 Kg6 53. Kf2
h4 54. Rd4 Kh5 55. Rd5+ g5 56. Ke3 Kg6 57. Kf2 Bc4 58. Rc5 Bb5 59. Ke3 Bf1 60.
Kf3 Bb5 61. g3 hxg3 62. Kxg3 Be2 63. Rc2 Bd3 64. Rc3 Be2 65. Kf2 Bb5 66. Ke3
Bf1 67. Kf2 Bb5 68. Kg3 Be2 69. Rc6 Bb5 70. Rd6 Kf5 71. h4 gxh4+ 72. Kxh4 Ke5
73. Rd1 f5 74. Kg3 Be2 75. Rd8 f4+ 76. Kf2 Bb5 77. Rf8 Kd4 78. Rxf4+ Kc3 79.
Ke3 Bc4 1/2-1/2

[Event "Memorial Nicola Palladino A"]
[Site "Milano ITA"]
[Date "2012.04.05"]
[Round "1"]
[White "Marchini, Daniele"]
[Black "Pelizzola, Danilo"]
[Result "0-1"]
[WhiteElo "1845"]
[BlackElo "2010"]
[PlyCount "98"]
[EventDate "2012.04.05"]

1. d4 Nf6 2. c4 e6 3. Nc3 Bb4 4. e3 O-O 5. Bd3 d5 6. Nf3 b6 7. O-O Bb7 8. a3
Be7 9. Re1 c5 10. cxd5 exd5 11. Bc2 Nc6 12. Qd3 Re8 13. e4 dxe4 14. Nxe4 Nxe4
15. Rxe4 g6 16. Rf4 cxd4 17. Bb3 Bf6 18. Qc4 Re6 19. Bd2 Rc8 20. Qd3 Rd6 21. h4
Rc7 22. h5 Ne5 23. Nxe5 Bxe5 24. Rg4 Bd5 25. Bc2 Qc8 26. Bd1 Be6 27. Rh4 Bf5
28. Qf3 Qb7 29. Qb3 Qd5 30. Qxd5 Rxd5 31. g4 Bc2 32. Bf3 Rd8 33. Bg5 f6 34. Bd2
d3 35. hxg6 hxg6 36. Kg2 Rh7 37. Rxh7 Kxh7 38. Be4 Bxb2 39. Ra2 Be5 40. f4 Bb1
41. fxe5 Bxa2 42. exf6 Bd5 43. Bxd5 Rxd5 44. Kf3 Rd6 45. g5 Re6 46. Bb4 Kg8 47.
Bd2 Kf7 48. Be3 b5 49. Bxa7 d2 0-1

[Event "Memorial Nicola Palladino A"]
[Site "Milano ITA"]
[Date "2012.04.05"]
[Round "1"]
[White "Motola, Jacopo"]
[Black "Cazzaniga, Walter"]
[Result "1/2-1/2"]
[WhiteElo "1932"]
[BlackElo "2124"]
[PlyCount "119"]
[EventDate "2012.04.05"]

1. e4 e6 2. d4 d5 3. exd5 exd5 4. Bd3 Nc6 5. c3 Bd6 6. Ne2 Nge7 7. Bf4 Bg4 8.
Bxd6 Qxd6 9. Na3 a6 10. Nc2 O-O 11. O-O Rae8 12. Qd2 Bxe2 13. Bxe2 Nd8 14. Bg4
f5 15. Bf3 Ng6 16. Bh5 Re4 17. Bxg6 hxg6 18. f3 Rh4 19. g3 Rh5 20. Rae1 Ne6 21.
Qe2 Kf7 22. Qe5 Qxe5 23. Rxe5 Rfh8 24. Re2 c6 25. Nb4 f4 26. Nd3 fxg3 27. hxg3
Rh1+ 28. Kf2 R1h2+ 29. Ke1 Rxe2+ 30. Kxe2 Kf6 31. Ne5 Rh2+ 32. Rf2 Rh1 33. Rg2
g5 34. Ke3 Ke7 35. Nd3 a5 36. Kd2 Kd6 37. f4 Rh3 38. f5 Nf8 39. Ne5 Nd7 40.
Nf7+ Ke7 41. Nxg5 Rh5 42. Ne6 Rxf5 43. Nxg7 Rg5 44. Re2+ Kf7 45. Ne6 Rxg3 46.
Nd8+ Kf6 47. Nxb7 a4 48. Na5 c5 49. Nb7 cxd4 50. cxd4 Nb6 51. Nc5 Nc4+ 52. Kc2
a3 53. bxa3 Nxa3+ 54. Kc1 Nb5 55. Nb3 Nc3 56. Rc2 Nxa2+ 57. Rxa2 Rxb3 58. Ra5
Ke6 59. Kd2 Rh3 60. Ke2 1/2-1/2

[Event "Memorial Nicola Palladino A"]
[Site "Milano ITA"]
[Date "2012.04.05"]
[Round "1"]
[White "Sbarra, Marco"]
[Black "Gilardi, Davide"]
[Result "0-1"]
[WhiteElo "2305"]
[BlackElo "1976"]
[PlyCount "114"]
[EventDate "2012.04.05"]

1. d4 Nf6 2. c4 c5 3. d5 b5 4. cxb5 a6 5. e3 g6 6. Nc3 Bg7 7. bxa6 Bxa6 8. Bxa6
Nxa6 9. Nf3 O-O 10. O-O d6 11. e4 Qa5 12. e5 dxe5 13. Nxe5 Nb4 14. Nc4 Qa6 15.
Ne3 Rfb8 16. Re1 Nd3 17. Re2 Nh5 18. Ng4 Nhf4 19. Rxe7 Nxc1 20. Rxc1 h5 21. Ne5
Qd6 22. Nc6 Rxb2 23. Na4 Rxa4 24. Qxa4 Ne2+ 25. Rxe2 Rxe2 26. Qc4 Rd2 27. a4
Bd4 28. Rf1 Qf4 29. Nxd4 Qxd4 30. Qxd4 Rxd4 31. Ra1 Rxd5 32. a5 Rd7 33. Kf1 Kf8
34. Rc1 Rc7 35. Ke2 Ke7 36. Kd3 Kd6 37. Kc4 Rb7 38. Rd1+ Kc6 39. Rd8 Rb4+ 40.
Kd3 Ra4 41. Rf8 Rxa5 42. Rxf7 Ra6 43. Ke4 Ra4+ 44. Ke5 Ra2 45. Rf3 Kb5 46. Kf6
Ra6+ 47. Ke5 c4 48. Rf8 c3 49. Kd5 Kb4 50. Rb8+ Ka3 51. Rc8 Kb2 52. Rb8+ Kc1
53. Kd4 c2 54. Ke3 Re6+ 55. Kf3 Kd1 56. Rd8+ Ke1 57. Rc8 Re2 0-1

[Event "Memorial Nicola Palladino A"]
[Site "Milano ITA"]
[Date "2012.04.05"]
[Round "1"]
[White "Tarelli, Daniele"]
[Black "Astengo, Corrado"]
[Result "0-1"]
[WhiteElo "1905"]
[BlackElo "2122"]
[PlyCount "76"]
[EventDate "2012.04.05"]

1. Nf3 d5 2. g3 Nf6 3. Bg2 e6 4. b3 c5 5. c4 d4 6. d3 Nc6 7. Bf4 Be7 8. O-O O-O
9. Bg5 h6 10. Bxf6 Bxf6 11. Nbd2 e5 12. Ne4 Be7 13. Rb1 f5 14. Ned2 Bf6 15. a3
Qe7 16. Qc2 Bd7 17. Rb2 Rae8 18. Kh1 e4 19. Ng1 e3 20. Ndf3 g5 21. Ra2 g4 22.
Ne1 h5 23. Bd5+ Kg7 24. Ng2 h4 25. Nf4 Rh8 26. Kg2 Be5 27. fxe3 dxe3 28. h3
hxg3 29. Qc1 Bxf4 30. Rxf4 Qg5 31. Qf1 gxh3+ 32. Nxh3 Rxh3 33. Kxh3 Rh8+ 34.
Kg2 Nd4 35. Rxd4 Rh2+ 36. Kg1 cxd4 37. Bxb7 Qh4 38. Bg2 Rh1+ 0-1

[Event "Memorial Nicola Palladino A"]
[Site "Milano ITA"]
[Date "2012.04.05"]
[Round "1"]
[White "Villa, Giorgio"]
[Black "Altini, Nicola"]
[Result "1/2-1/2"]
[WhiteElo "1954"]
[BlackElo "2242"]
[PlyCount "63"]
[EventDate "2012.04.05"]

1. d4 Nf6 2. Nf3 d5 3. c4 c6 4. e3 Bf5 5. Nc3 e6 6. Nh4 Bg6 7. Nxg6 hxg6 8. g3
Nbd7 9. Qc2 Be7 10. Bg2 Nb6 11. b3 a5 12. O-O O-O 13. Rd1 Qc7 14. e4 Bb4 15.
Bb2 Bxc3 16. Bxc3 dxe4 17. Bxe4 Nxe4 18. Qxe4 a4 19. Qe1 Nd7 20. d5 exd5 21.
cxd5 Rfe8 22. Qd2 c5 23. Rac1 Qd6 24. Ba1 f6 25. Qd3 axb3 26. axb3 Nf8 27. Qb5
b6 28. Rc4 Ne6 29. b4 Rac8 30. Re4 Nc7 31. bxc5 bxc5 32. Qd3 1/2-1/2

[Event "Memorial Nicola Palladino A"]
[Site "Milano ITA"]
[Date "2012.04.06"]
[Round "2"]
[White "Altini, Nicola"]
[Black "Guzzetti, Luigi Enrico"]
[Result "1-0"]
[WhiteElo "2242"]
[BlackElo "1943"]
[PlyCount "51"]
[EventDate "2012.04.05"]

1. e4 c5 2. Nf3 e6 3. d4 cxd4 4. Nxd4 a6 5. c4 Nc6 6. Nc3 d6 7. Be2 Nf6 8. Be3
Be7 9. O-O O-O 10. Rc1 Bd7 11. f4 Rc8 12. Bf3 e5 13. Nxc6 Bxc6 14. fxe5 dxe5
15. Qb3 Qd6 16. c5 Qc7 17. Nd5 Qd8 18. Rfd1 Bxd5 19. exd5 Qa5 20. d6 Bd8 21.
Qxb7 e4 22. Be2 Qxa2 23. Qxc8 Qxb2 24. Qxa6 Qb3 25. Bd4 Qe6 26. c6 1-0

[Event "Memorial Nicola Palladino A"]
[Site "Milano ITA"]
[Date "2012.04.06"]
[Round "2"]
[White "Astengo, Corrado"]
[Black "Gilardi, Davide"]
[Result "1/2-1/2"]
[WhiteElo "2122"]
[BlackElo "1976"]
[PlyCount "75"]
[EventDate "2012.04.05"]

1. e4 c5 2. Nf3 d6 3. d4 cxd4 4. Nxd4 Nf6 5. Nc3 a6 6. Bg5 e6 7. f4 Be7 8. Qf3
Qc7 9. O-O-O Nbd7 10. g4 b5 11. Bxf6 Nxf6 12. g5 Nd7 13. f5 Bxg5+ 14. Kb1 O-O
15. fxe6 Nb6 16. Nd5 Nxd5 17. exd5 Bf6 18. Qe4 Bxd4 19. Bd3 g6 20. exf7+ Qxf7
21. Qxd4 Bb7 22. Be2 Qf2 23. Qd3 Rae8 24. Bg4 Re3 25. Be6+ Kg7 26. Qd4+ Re5 27.
Qc3 Qc5 28. Qxc5 dxc5 29. Rhe1 Rxe1 30. Rxe1 Rd8 31. b3 b4 32. Kb2 Kf6 33. Rf1+
Ke5 34. Re1+ Kf6 35. Rd1 Ke5 36. Re1+ Kf6 37. Rf1+ Ke5 38. Re1+ 1/2-1/2

[Event "Memorial Nicola Palladino A"]
[Site "Milano ITA"]
[Date "2012.04.06"]
[Round "2"]
[White "Cazzaniga, Walter"]
[Black "Villa, Giorgio"]
[Result "1-0"]
[WhiteElo "2124"]
[BlackElo "1954"]
[PlyCount "101"]
[EventDate "2012.04.05"]

1. d4 d5 2. c4 c6 3. Nc3 Nf6 4. Nf3 dxc4 5. a4 Bf5 6. e3 e6 7. Bxc4 Bb4 8. O-O
Nbd7 9. Qe2 Bg4 10. h3 Bxf3 11. Qxf3 O-O 12. Rd1 Rc8 13. Ba2 Qa5 14. e4 e5 15.
d5 Bxc3 16. dxc6 Rxc6 17. bxc3 Qxc3 18. Be3 Rfc8 19. Rac1 Qa3 20. Rxc6 bxc6 21.
Bxf7+ Kxf7 22. Rxd7+ Kg8 23. Rxa7 Qd6 24. Qf5 Rc7 25. Rxc7 Qxc7 26. Qe6+ Kh8
27. Bc5 h6 28. Bd6 Qa5 29. Qc8+ Kh7 30. Qf5+ Kg8 31. Bxe5 Qe1+ 32. Kh2 Qxe4 33.
Qxe4 Nxe4 34. a5 Nc5 35. Bd6 Na6 36. Kg3 Kf7 37. Kf4 Ke6 38. Bf8 Kf7 39. Ba3
Ke6 40. Ke4 c5 41. f4 g6 42. g4 h5 43. gxh5 gxh5 44. f5+ Kf6 45. Bb2+ Ke7 46.
Kd5 Nb4+ 47. Kxc5 Nd3+ 48. Kc6 Nxb2 49. a6 Nd3 50. a7 Nb4+ 51. Kb7 1-0

[Event "Memorial Nicola Palladino A"]
[Site "Milano ITA"]
[Date "2012.04.06"]
[Round "2"]
[White "Gagliardi, Christian"]
[Black "Motola, Jacopo"]
[Result "1-0"]
[WhiteElo "2233"]
[BlackElo "1932"]
[PlyCount "155"]
[EventDate "2012.04.05"]

1. d4 Nc6 2. Nf3 d6 3. Bf4 Nf6 4. e3 g6 5. h3 Bg7 6. Be2 O-O 7. O-O Re8 8. c4
Nd7 9. Nc3 e5 10. dxe5 Ncxe5 11. Rc1 Nxf3+ 12. Bxf3 Ne5 13. Be2 Be6 14. b3 a6
15. Bg3 Rb8 16. Nd5 Nc6 17. Qd2 Be5 18. f4 Bg7 19. Bf3 Bf5 20. Qf2 Bf6 21. Rfd1
a5 22. a3 Be4 23. Bxe4 Rxe4 24. c5 g5 25. cxd6 cxd6 26. Nxf6+ Qxf6 27. fxg5
Qxg5 28. Bxd6 Rbe8 29. Bf4 Qb5 30. Qc2 Qb6 31. Kh1 Qb5 32. Qc3 Qh5 33. Rd7 R8e7
34. Rxe7 Rxe7 35. Qd3 Qg6 36. Qd5 Qe6 37. Qg5+ Kh8 38. Kh2 Re8 39. Rf1 Ne5 40.
Bg3 Ng6 41. Qxa5 Qxb3 42. Qc7 Re7 43. Qd8+ Kg7 44. Qd4+ Kg8 45. Rc1 Re8 46. Rc3
Qe6 47. Qb4 Rc8 48. Rxc8+ Qxc8 49. Qd4 Qc6 50. a4 Qa6 51. Be1 f6 52. Qd8+ Kf7
53. Qd7+ Kg8 54. Bc3 Nf8 55. Qe7 Qe6 56. Qxf6 Qxf6 57. Bxf6 Kf7 58. Bd4 Ke6 59.
Kg3 Kf5 60. Kf3 Ng6 61. e4+ Ke6 62. Kg4 Ne7 63. Kg5 Ng8 64. g4 Kf7 65. Bc3 Ke6
66. h4 Kf7 67. Kf5 Nh6+ 68. Kf4 Ke6 69. g5 Nf7 70. h5 Nd6 71. g6 hxg6 72. hxg6
Nc4 73. Bd4 Nd6 74. g7 Kf7 75. Ke5 Ne8 76. Kd5 Kg8 77. Ke6 b6 78. Kd7 1-0

[Event "Memorial Nicola Palladino A"]
[Site "Milano ITA"]
[Date "2012.04.06"]
[Round "2"]
[White "Gonella, Daniele"]
[Black "Di Chiara, Mauro"]
[Result "1-0"]
[WhiteElo "2112"]
[BlackElo "1977"]
[PlyCount "69"]
[EventDate "2012.04.05"]

1. d4 d6 2. c4 g6 3. Nf3 Bg7 4. g3 Nf6 5. Bg2 O-O 6. O-O Nc6 7. Nc3 Bf5 8. Nh4
Bd7 9. f4 Qc8 10. e3 Bh3 11. Qd3 Bxg2 12. Kxg2 e6 13. a3 Qd7 14. Bd2 d5 15. Nf3
dxc4 16. Qxc4 Nd5 17. Ne4 Nb6 18. Qc2 Qd5 19. Rac1 Nc4 20. Nc5 Nxd2 21. Qxd2 b6
22. Na6 Rac8 23. Qe2 Qd6 24. Rc3 Ne7 25. Rfc1 c5 26. dxc5 bxc5 27. Rxc5 Rxc5
28. Nxc5 Rc8 29. b4 Nd5 30. e4 Nc3 31. Qc4 Na4 32. Qb5 Qc6 33. Qd3 Qc7 34. Qa6
Nc3 35. e5 1-0

[Event "Memorial Nicola Palladino A"]
[Site "Milano ITA"]
[Date "2012.04.06"]
[Round "2"]
[White "Martinez, Rolly"]
[Black "Bozzali, Ermanno"]
[Result "1-0"]
[WhiteElo "2419"]
[BlackElo "2123"]
[PlyCount "69"]
[EventDate "2012.04.05"]

1. e4 c5 2. Nc3 Nc6 3. f4 e6 4. Nf3 Nge7 5. d4 cxd4 6. Nxd4 Nxd4 7. Qxd4 Nc6 8.
Qf2 Bb4 9. Bd2 O-O 10. Bd3 d5 11. a3 Be7 12. O-O a6 13. Kh1 b5 14. exd5 exd5
15. Qf3 Bf6 16. a4 bxa4 17. Rxa4 Ne7 18. Rfa1 Rb8 19. R1a2 Nc6 20. Nxd5 Bxb2
21. Nb4 Nxb4 22. Rxb4 Rxb4 23. Bxb4 Re8 24. Rxb2 Qd4 25. Rb1 Bg4 26. Qf1 h5 27.
h3 Be6 28. c3 Qe3 29. Re1 Qg3 30. Bc4 Rd8 31. Bxe6 fxe6 32. Qe2 Qxf4 33. Qxe6+
Kh7 34. Qe4+ Qxe4 35. Rxe4 1-0

[Event "Memorial Nicola Palladino A"]
[Site "Milano ITA"]
[Date "2012.04.06"]
[Round "2"]
[White "Montoli, Marco"]
[Black "Tarelli, Daniele"]
[Result "1/2-1/2"]
[WhiteElo "1921"]
[BlackElo "1905"]
[PlyCount "97"]
[EventDate "2012.04.05"]

1. c4 Nf6 2. g3 c6 3. Bg2 d5 4. d4 dxc4 5. Nf3 Bf5 6. O-O e6 7. Ne5 Nbd7 8.
Nxc4 Be7 9. Nc3 O-O 10. e4 Bg6 11. Be3 Bb4 12. f3 b5 13. Ne5 Nxe5 14. dxe5 Bxc3
15. bxc3 Nd7 16. f4 Nb6 17. f5 Qxd1 18. Raxd1 Bh5 19. Rde1 Nc4 20. h3 f6 21. g4
Bf7 22. exf6 gxf6 23. Bh6 Rfe8 24. Rd1 e5 25. Rd7 a5 26. Rfd1 Nb6 27. R7d6 Bxa2
28. Rxc6 Nc4 29. Bf1 Red8 30. Rxd8+ Rxd8 31. Bxc4+ Bxc4 32. Kf2 Ra8 33. Bc1 a4
34. Ba3 Rd8 35. Rd6 Rxd6 36. Bxd6 Kg7 37. h4 h6 38. Ke3 Kf7 39. Kd2 Bf1 40. Ke3
Bc4 41. Kd2 Bb3 42. Bb4 Bc4 43. Bd6 Bf1 44. Ke3 Bc4 45. Kd2 Bf1 46. Ke3 Bc4 47.
Kd2 Bb3 48. Bb4 Kg7 49. Bd6 1/2-1/2

[Event "Memorial Nicola Palladino A"]
[Site "Milano ITA"]
[Date "2012.04.06"]
[Round "2"]
[White "Pelizzola, Danilo"]
[Black "Gallucci, Alessio"]
[Result "0-1"]
[WhiteElo "2010"]
[BlackElo "2238"]
[PlyCount "82"]
[EventDate "2012.04.05"]

1. e4 e5 2. Nf3 Nc6 3. Bb5 f5 4. d3 Nf6 5. Bg5 h6 6. Bxf6 Qxf6 7. O-O Bc5 8.
Nc3 Ne7 9. Qe2 f4 10. Nd5 Nxd5 11. exd5 O-O 12. c3 d6 13. Nd2 Qg6 14. Kh1 Bb6
15. Nc4 Bf5 16. Nxb6 axb6 17. Rfd1 Kh8 18. a3 Qf7 19. Bc4 Rae8 20. f3 g5 21.
Qf2 Qh5 22. Kg1 g4 23. d4 e4 24. fxe4 Bxe4 25. Re1 g3 26. hxg3 fxg3 27. Qxg3
Rg8 28. Qf2 Rxg2+ 29. Qxg2 Bxg2 30. Rxe8+ Qxe8 31. Kxg2 Qe4+ 32. Kg1 Qe3+ 33.
Kh1 Qd2 34. Rf1 Qxb2 35. Rf3 Qxa3 36. Kg2 b5 37. Bf1 b4 38. cxb4 Qxb4 39. Rf4
b5 40. Be2 Qd2 41. Kf3 b4 0-1

[Event "Memorial Nicola Palladino A"]
[Site "Milano ITA"]
[Date "2012.04.06"]
[Round "2"]
[White "Petrone, Gianmario"]
[Black "Cani, Gazmir"]
[Result "0-1"]
[WhiteElo "1899"]
[BlackElo "2155"]
[PlyCount "56"]
[EventDate "2012.04.05"]

1. e4 c5 2. Nf3 e6 3. d4 cxd4 4. Nxd4 a6 5. Nc3 Qc7 6. Bd3 Nf6 7. O-O d6 8. a4
Be7 9. Be3 Nbd7 10. f4 b6 11. Qf3 Bb7 12. Qg3 g6 13. Rae1 O-O 14. f5 e5 15.
fxg6 exd4 16. gxh7+ Kh8 17. Bxd4 Ne5 18. Nd5 Nxd5 19. exd5 f6 20. Be4 Rf7 21.
b3 Raf8 22. Be3 Rg7 23. Qh3 Ng4 24. Bd2 Qc5+ 25. Kh1 Nf2+ 26. Rxf2 Qxf2 27. Rd1
Bc8 28. Qd3 Bf5 0-1

[Event "Memorial Nicola Palladino A"]
[Site "Milano ITA"]
[Date "2012.04.06"]
[Round "2"]
[White "Vallone, Ugo"]
[Black "Sbarra, Marco"]
[Result "0-1"]
[WhiteElo "1934"]
[BlackElo "2305"]
[PlyCount "52"]
[EventDate "2012.04.05"]

1. d4 Nf6 2. f3 d5 3. c4 e6 4. Bg5 c5 5. e3 Nc6 6. Nc3 cxd4 7. exd4 Bb4 8. a3
Bxc3+ 9. bxc3 O-O 10. Qd2 Na5 11. Qa2 dxc4 12. Rd1 b5 13. Nh3 h6 14. Bh4 g5 15.
Bf2 Nd5 16. Qb2 Nb3 17. Be2 Qa5 18. O-O Qxc3 19. Qb1 Nd2 20. Qxb5 Nxf1 21. Bxc4
Nfe3 22. Bxd5 Nxd5 23. Bg3 a5 24. Qe2 Qe3+ 25. Qf2 Qxf2+ 26. Nxf2 Ba6 0-1

[Event "Memorial Nicola Palladino A"]
[Site "Milano ITA"]
[Date "2012.04.06"]
[Round "2"]
[White "Virzi, Ettore"]
[Black "Marchini, Daniele"]
[Result "1-0"]
[WhiteElo "1944"]
[BlackElo "1845"]
[PlyCount "61"]
[EventDate "2012.04.05"]

1. e4 c5 2. Nf3 d6 3. d4 cxd4 4. Nxd4 Nf6 5. Nc3 a6 6. Bg5 e6 7. f4 b5 8. e5
dxe5 9. fxe5 Qc7 10. exf6 Qe5+ 11. Be2 Qxg5 12. O-O Ra7 13. Qd3 Rd7 14. Ne4 Qe5
15. Nf3 Qxb2 16. Qe3 Bb7 17. Rab1 Qxc2 18. Neg5 Bxf3 19. Nxf3 Qc7 20. Rbc1 Qd8
21. Ng5 gxf6 22. Nxe6 Re7 23. Rxf6 Qd7 24. Bh5 Rg8 25. Bxf7+ Rxf7 26. Ng7+ Kd8
27. Qb6+ Qc7 28. Ne6+ Ke7 29. Rxf7+ Kxf7 30. Rxc7+ Be7 31. Nd4 1-0

[Event "Memorial Nicola Palladino A"]
[Site "Milano ITA"]
[Date "2012.04.07"]
[Round "3"]
[White "Bozzali, Ermanno"]
[Black "Petrone, Gianmario"]
[Result "0-1"]
[WhiteElo "2123"]
[BlackElo "1899"]
[PlyCount "80"]
[EventDate "2012.04.05"]

1. d4 Nf6 2. Nf3 g6 3. c4 Bg7 4. Nc3 O-O 5. Bf4 d6 6. h3 c5 7. e3 cxd4 8. exd4
d5 9. c5 b6 10. b4 Nh5 11. Bh2 Nc6 12. b5 Nxd4 13. Nxd4 bxc5 14. Nde2 d4 15.
Ne4 d3 16. N2c3 Bf5 17. Rc1 c4 18. g4 Bxe4 19. Nxe4 f5 20. Rxc4 fxe4 21. gxh5
Qd5 22. Qb3 Kh8 23. Bg2 d2+ 24. Kd1 Qxh5+ 25. Kc2 Rxf2 26. Rd1 Rxg2 27. Bf4 Rd8
28. Qe3 Qxb5 29. Qb3 Qf5 30. Qe3 Qd5 31. Qxe4 Qxe4+ 32. Rxe4 e5 33. Bxe5 Bxe5
34. Rxe5 Rh2 35. Re7 Rxh3 36. Rxa7 Rh2 37. a4 g5 38. a5 g4 39. a6 g3 40. Rb7 g2
0-1

[Event "Memorial Nicola Palladino A"]
[Site "Milano ITA"]
[Date "2012.04.07"]
[Round "3"]
[White "Cani, Gazmir"]
[Black "Gagliardi, Christian"]
[Result "1-0"]
[WhiteElo "2155"]
[BlackElo "2233"]
[PlyCount "47"]
[EventDate "2012.04.05"]

1. d4 e6 2. Nf3 Nf6 3. c4 d5 4. Nc3 Bb4 5. Bg5 Nbd7 6. e3 c5 7. Be2 Qa5 8. O-O
Bxc3 9. bxc3 Ne4 10. Bd3 Nxc3 11. Qd2 Qa3 12. cxd5 Nxd5 13. e4 N5f6 14. d5 exd5
15. e5 Ng8 16. Rfe1 Nb6 17. Bb5+ Kf8 18. e6 f6 19. Qf4 c4 20. e7+ Nxe7 21. Bxf6
Nf5 22. Bxg7+ Kxg7 23. Qg5+ Kf7 24. Ne5+ 1-0

[Event "Memorial Nicola Palladino A"]
[Site "Milano ITA"]
[Date "2012.04.07"]
[Round "3"]
[White "Gallucci, Alessio"]
[Black "Martinez, Rolly"]
[Result "0-1"]
[WhiteElo "2238"]
[BlackElo "2419"]
[PlyCount "100"]
[EventDate "2012.04.05"]

1. Nf3 d5 2. c4 e6 3. d4 Nf6 4. e3 Be7 5. Be2 O-O 6. O-O Ne4 7. Nbd2 f5 8. Ne5
c6 9. f3 Nxd2 10. Bxd2 Nd7 11. Qe1 Nxe5 12. dxe5 Bd7 13. cxd5 cxd5 14. Ba5 b6
15. Bb4 Bc5 16. Qc3 Rc8 17. Rac1 a5 18. Bxc5 Rxc5 19. Qa3 Qc7 20. Rxc5 Qxc5 21.
Qxc5 bxc5 22. Rc1 Rb8 23. Rc2 g5 24. Kf2 a4 25. Ke1 Bb5 26. Bd1 Bc4 27. b3 axb3
28. Rb2 Kf7 29. axb3 h5 30. g3 Kg6 31. f4 h4 32. Kd2 gxf4 33. gxf4 Bf1 34. Kc3
Rb4 35. Rd2 Re4 36. Rf2 Bh3 37. Kd2 d4 38. exd4 Rxd4+ 39. Kc1 Bg4 40. Bc2 Kh5
41. Rf1 h3 42. Rf2 Kh4 43. Rf1 Bh5 44. Rf2 Rd8 45. Rd2 Rg8 46. Kb2 Rg2 47. Kc3
Bf3 48. Rd6 Rxh2 49. Rxe6 Rxc2+ 50. Kxc2 h2 0-1

[Event "Memorial Nicola Palladino A"]
[Site "Milano ITA"]
[Date "2012.04.07"]
[Round "3"]
[White "Gilardi, Davide"]
[Black "Altini, Nicola"]
[Result "1/2-1/2"]
[WhiteElo "1976"]
[BlackElo "2242"]
[PlyCount "70"]
[EventDate "2012.04.05"]

1. d4 d5 2. c4 c6 3. cxd5 cxd5 4. Nc3 Nf6 5. Nf3 Nc6 6. Bf4 a6 7. e3 Bg4 8. Be2
e6 9. O-O Bd6 10. Ne5 Bxe2 11. Qxe2 Bxe5 12. dxe5 Nd7 13. Qg4 Kf8 14. Qh5 h6
15. h4 Kg8 16. e4 d4 17. Ne2 g6 18. Qg4 Ndxe5 19. Qg3 Nd7 20. Bc7 Qe8 21. h5 g5
22. f4 f6 23. Rad1 Nc5 24. Nxd4 Rh7 25. Bb6 Nd7 26. Qb3 a5 27. Nxc6 bxc6 28.
Be3 Rb8 29. Qc3 gxf4 30. Bxf4 e5 31. Be3 Qe6 32. Rf3 Kh8 33. Rg3 Rb4 34. Bc5
Rc4 35. Qxa5 Qe8 1/2-1/2